000 00306nam a2200109Ia 4500
008 171204s9999 xx 000 0 und d
245 _aReactive Programming with Node.js:
245 _cFernando Doglio
260 _c2016
650 _xProgramming 1-2
856 _uhttp://down.ebook777.com/061/1484221516.pdf
999 _c345962
_d345962